| 000 | 00887nmm a2200325 a 4500 | ||
|---|---|---|---|
| 003 | AR-BaBNM | ||
| 005 | 20251128204618.0 | ||
| 008 | 068019s1975 ||||||||||||||000 | spa|| | ||
| 040 | _cAR-BaBNM | ||
| 100 | 1 | _aRodríguez, Adolfo Enrique | |
| 245 | 1 | 0 |
_aHistoria de la Policía Federal Argentina _n1880-1916 |
| 260 |
_aBuenos Aires _bEditorial policial _c1975 |
||
| 300 | 0 |
_a573 p. _bil. |
|
| 600 | 1 | 4 | _aPaz, Marcos |
| 600 | 1 | 4 | _aBosch, Francisco B. |
| 600 | 1 | 4 |
_aCuenca, Aureliano S. _d1836-1888 |
| 600 | 1 | 4 | _aCapdevila, Alberto |
| 600 | 1 | 4 | _aArias, José Inocencio |
| 600 | 1 | 4 | _aFraga, Rosendo M. |
| 600 | 1 | 4 | _aFalcon, Ramón L. |
| 600 | 1 | 4 | _aDellepiane, Luis J. |
| 610 | 2 | 4 | _aPolicía Federal Argentina |
| 650 | 4 | _aPOLICIA | |
| 650 | 4 | _aHISTORIA | |
| 650 | 4 | _aDERECHO PENAL | |
| 650 | 4 | _aPODER POLICIAL | |
| 651 | 4 | _aArgentina | |
| 942 | _cBK | ||
| 998 | _cCARMEN | ||
| 999 |
_c8113 _d8113 |
||